Nation First/ (Record no. 199308)

MARC details
000 -LEADER
fixed length control field 00646nam a22002057a 4500
005 - DATE AND TIME OF LATEST TRANSACTION
control field 20231211164552.0
010 ## - LCCN (DPL NO)
LC control number ENG-138521
020 ## - INTERNATIONAL STANDARD BOOK NUMBER
International Standard Book Number 9789357311663
Terms of availability 399.00
035 ## - SYSTEM CONTROL NUMBER
System control number EN-122053
037 ## - SOURCE OF ACQUISITION
Source of stock number/acquisition DBAD/PUB
082 ## - DEWEY DECIMAL CLASSIFICATION NUMBER
Classification number S
Edition number First
100 ## - MAIN ENTRY--PERSONAL NAME
Personal name Saxena, Shikha Akhilesh
245 ## - TITLE STATEMENT
Title Nation First/
Statement of responsibility, etc By Shikha Akhilesh Saxena and Forward By V.P Malik
250 ## - EDITION STATEMENT
Edition statement First
260 ## - PUBLICATION, DISTRIBUTION, ETC. (IMPRINT)
Place of publication, distribution, etc Gurugram
Name of publisher, distributor, etc Hachette Book Publishing Pvt Ltd
Date of publication, distribution, etc 2023
270 ## - ADDRESS
Address 4th &5th Floors, Corporate Centre, Plot No.94 Sector 44
City Gurugram
Postal code 122003
300 ## - PHYSICAL DESCRIPTION
Extent 224p.
Dimensions 20cm(pbk)
700 ## - ADDED ENTRY--PERSONAL NAME
Personal name Malik, V.P
Relator term Forward
9 (RLIN) 59197
942 ## - ADDED ENTRY ELEMENTS (KOHA)
Source of classification or shelving scheme Dewey Decimal Classification
Item type English Books
Classification part S
Call number suffix SHI
Holdings
Withdrawn status Lost status Not for loan Collection code Home library Current library Date acquired Source of acquisition Cost, normal purchase price Full call number Barcode Copy number Cost, replacement price Koha item type
      Non-fiction Vinoba Puri Vinoba Puri 29/11/2023 DBAD/PUB 399.00 S SHI EN-122053 1 399.00 English Books

© Delhi Public Library
Hit Counter
free hit counter